Statistics for World Capital Bullseye #14

Click here to take the quiz!

General Stats

  • This quiz has been taken 61 times
  • The average score is 15 of 22

Answer Stats

Capital City % Correct
Tokyo
96%
Beijing
93%
Seoul
93%
Washington
89%
Ottawa
88%
PYONGYANG
84%
Ulaanbaatar
84%
Manila
82%
Taipei
82%
Kathmandu
73%
Hanoi
71%
Vientiane
68%
Mexico City
64%
Phnom Penh
64%
Thimphu
57%
Bishkek
55%
Bandar Seri Begawan
54%
Naypyidaw
50%
Palikir
46%
Majuro
39%
Yaren
38%
Melekeok
36%

Score Distribution

Percentile by Number Answered

Percent of People with Each Score

Your Score History

You have not taken this quiz